Joueurs de l'OM jinx par fufu sur MPG - Statistiques

Statistiques générales
  • Ce quiz a été pris 25 fois
  • Le résultat moyen est 3 sur 7
Answers on the Grid
Answers color-coded by a green-red scale on the quiz's grid according to % correct below.
Merlin
Gouiri
Rabiot
Greenwood
Pau lopez
Ounahi
Rongier
Vitinha
Egan - Riley
Balerdi
Hojberg
Veretout
 
Statistiques - réponses
Réponse % Correct
Greenwood
83%
Gouiri
78%
Balerdi
44%
Rabiot
39%
Egan - Riley
28%
Vitinha
11%
Veretout
6%
Aucun quiz correspondant
Distribution des résultats
% des personnes avec chaque résultat
Percentile par nombre de réponses
Votre historique - résultats
Vous n’avez pas pris ce quiz